ბათუმის შოთა რუსთაველის სახელმწიფო უნივერსიტეტის ბიბლიოთეკა

Psychotherapy, research and training: (ბიბ.ჩანაწერი № 62948)

000 -LEADER
fixed length control field 00798nam a22001937a 4500
005 - DATE AND TIME OF LATEST TRANSACTION
control field 20250328101145.0
008 - FIXED-LENGTH DATA ELEMENTS--GENERAL INFORMATION
fixed length control field 250328s1980 enk||||| |||| 00| 0 eng d
020 ## - INTERNATIONAL STANDARD BOOK NUMBER
International Standard Book Number 0444802096x
041 ## - LANGUAGE CODE
Language code of text/sound track or separate title eng
080 ## - UNIVERSAL DECIMAL CLASSIFICATION NUMBER
Universal Decimal Classification number 615.851 P-96
245 ## - TITLE STATEMENT
Title Psychotherapy, research and training:
Remainder of title Proceedings of the XIth International Congress of Psychotherapy held in Amsterdam, the Netherlands, 27-31 August, 1979
Statement of responsibility, etc. Editor W. de Moor and H.R. Wijgaarden.
264 ## - PRODUCTION, PUBLICATION, DISTRIBUTION, MANUFACTURE, AND COPYRIGHT NOTICE
Place of production, publication, distribution, manufacture Amsterdam :
Name of producer, publisher, distributor, manufacturer Elsevier Holland Biomedical Press,
Date of production, publication, distribution, manufacture, or copyright notice 1980.
300 ## - PHYSICAL DESCRIPTION
Extent 336 p.;
Other physical details 24 sm.
653 ## - INDEX TERM--UNCONTROLLED
keyword ფსიქოთერაპია
653 ## - INDEX TERM--UNCONTROLLED
keyword მედიცინა
700 ## - ADDED ENTRY--PERSONAL NAME
Personal name Moor W.
Relator term რედაქტორი
9 (RLIN) 24705
700 ## - ADDED ENTRY--PERSONAL NAME
Personal name Wijgaarden, H.R.
Relator term რედაქტორი
9 (RLIN) 24706
942 ## - ADDED ENTRY ELEMENTS (KOHA)
Source of classification or shelving scheme
Koha item type წიგნი
ეგზემპლარები
Withdrawn status Lost status Source of classification or shelving scheme Damaged status Not for loan Permanent Location Current Location Shelving location Date acquired Cost, normal purchase price Full call number Barcode Date last seen Copy number Uniform Resource Identifier Price effective from Koha item type Public note
          ბათუმის შოთა რუსთაველის სახელმწიფო უნივერსიტეტის მთავარი ბიბლიოთეკა ბათუმის შოთა რუსთაველის სახელმწიფო უნივერსიტეტის მთავარი ბიბლიოთეკა წიგნსაცავი 2025-03-28 7.00 615.851 P-96 70955 2025-03-28 70955 ნაჩუქარი 2025-03-28 წიგნი 7 ლ.